000 00352nam a2200145Ia 4500
008 150201s2006 xx 000 0 und d
082 _a610
_bO2006G
100 _aGHOM,A.G
245 _aTEXT BOOK OF ORAL MEDICINE
250 _a1ST
260 _bJAYPEE MEDICAL PUBLISHER
_aDELHI
_c2006
300 _a1-776
650 _aORAL MEDICINE
942 _2ddc
_cBK
999 _c3520
_d3520